[Event "Las Vegas Masters"]
[Site "Las Vegas"]
[Date "2006.06.13"]
[Round "7.10"]
[White "Taylor, Timothy"]
[Black "Aigner, Michael"]
[Result "1-0"]
[WhiteElo "2330"]
[BlackElo "2245"]
[PlyCount "59"]
[EventDate "2006.06.??"]

1. f4 e5 2. fxe5 d6 3. exd6 Bxd6 4. Nf3 Nc6 5. d4 Bg4 6. e3 Qe7 7. Be2 Nf6 8.
Nc3 O-O 9. O-O Rae8 10. a3 Qd7 11. Nb5 Nd5 12. Nxd6 Qxd6 13. Qd3 Bh5 14. c4 Bg6
15. Qb3 Nf4 16. Bd1 Ne6 17. c5 Qd7 18. d5 Nxc5 19. dxc6 Qxc6 20. Qc3 Qb6 21. b4
Nd3 22. Nd4 Re5 23. Bc2 Nxc1 24. Raxc1 Rfe8 25. Bxg6 Qxg6 26. Rf3 c6 27. Rcf1
f6 28. Nf5 Kh8 29. Rg3 Qf7 30. Nd6 1-0

[Event "Las Vegas Masters"]
[Site "Las Vegas"]
[Date "2006.06.13"]
[Round "7.12"]
[White "Vigorito, David"]
[Black "Sevillano, Enrico"]
[Result "0-1"]
[WhiteElo "2373"]
[BlackElo "2472"]
[PlyCount "74"]
[EventDate "2006.06.??"]

1. d4 Nf6 2. c4 e6 3. Nc3 Bb4 4. Qc2 b6 5. e4 c5 6. dxc5 Bb7 7. Bd3 bxc5 8.
Nge2 d6 9. O-O Nc6 10. Bg5 h6 11. Bh4 Bxc3 12. Qxc3 g5 13. Bg3 e5 14. f4 exf4
15. Nxf4 gxf4 16. Bh4 Nd4 17. Rxf4 Nh5 18. Bxd8 Nxf4 19. Qd2 Nxd3 20. Bf6 Ne5
21. Qa5 Kd7 22. Rd1 Rhe8 23. b4 Nxc4 24. Qa4+ Bc6 25. Qa6 Ne3 26. b5 Nxb5 27.
Rb1 Nc7 28. Qe2 Rxe4 29. Qh5 Bd5 30. Re1 Kc6 31. Bc3 Rg8 32. g3 Rg6 33. Ba5 Nb5
34. a4 Nd4 35. Bc3 Rg5 36. Qxh6 Nf3+ 37. Kf2 Ng4+ 0-1

[Event "Las Vegas Masters"]
[Site "Las Vegas"]
[Date "2006.06.13"]
[Round "7.13"]
[White "Gokhale, Chandrashekhar"]
[Black "Belliard, Luis"]
[Result "1/2-1/2"]
[WhiteElo "2368"]
[BlackElo "2240"]
[PlyCount "57"]
[EventDate "2006.06.??"]

1. d4 Nf6 2. c4 c5 3. d5 e6 4. Nc3 exd5 5. cxd5 d6 6. g3 g6 7. Bg2 Bg7 8. Nf3
O-O 9. O-O Re8 10. h3 Na6 11. Nd2 Nc7 12. a4 b6 13. Nc4 Ba6 14. Na3 Nd7 15. Re1
f5 16. Bf4 Ne5 17. Qd2 Qd7 18. Rab1 Bb7 19. b3 Rab8 20. Rec1 a5 21. Ncb5 Nxb5
22. axb5 Qe7 23. Re1 Qf8 24. Kh2 Bc8 25. Qc2 Bd7 26. Bd2 h5 27. f4 Nf7 28. Bf3
Bf6 29. e3 1/2-1/2

[Event "Las Vegas Masters"]
[Site "Las Vegas"]
[Date "2006.06.13"]
[Round "7.15"]
[White "Aramil, William"]
[Black "Murzin, Lenar"]
[Result "1/2-1/2"]
[WhiteElo "2215"]
[BlackElo "2195"]
[PlyCount "155"]
[EventDate "2006.06.??"]

1. d4 Nf6 2. c4 e6 3. Nc3 Bb4 4. Qc2 c5 5. dxc5 O-O 6. a3 Bxc5 7. Nf3 b6 8. Bg5
Bb7 9. e3 h6 10. Bh4 Be7 11. Be2 d6 12. Rd1 a6 13. O-O Qc7 14. Rd2 Nbd7 15.
Rfd1 Rfd8 16. Bg3 Nc5 17. Rd4 e5 18. Rh4 Rac8 19. b4 Ne6 20. Bd3 e4 21. Nxe4
Nxe4 22. Bxe4 Bxh4 23. Bxb7 Qxb7 24. Bxh4 Rd7 25. Qd3 Rdc7 26. h3 Rxc4 27. Bg3
Rc3 28. Qf5 Rc1 29. Rxc1 Rxc1+ 30. Kh2 Qc6 31. Qd3 b5 32. Bxd6 Rc3 33. Qd1 Rxa3
34. Ne5 Qe4 35. Qc1 Ra2 36. Qc8+ Kh7 37. f3 Qc2 38. Qxc2+ Rxc2 39. Nxf7 Ra2 40.
Ne5 a5 41. bxa5 Rxa5 42. Nd3 Ra2 43. Nb4 Rd2 44. Be5 g5 45. e4 Nd4 46. Kg3 Nc2
47. Nd5 b4 48. Nxb4 Ne1 49. h4 Rxg2+ 50. Kh3 Rf2 51. hxg5 hxg5 52. Nd5 Rxf3+
53. Kg4 Kg6 54. Ne7+ Kf7 55. Nf5 Rf1 56. Bg3 Ke6 57. Kxg5 Nf3+ 58. Kg4 Ne5+ 59.
Bxe5 Kxe5 60. Ng3 Rf2 61. Kg5 Rf4 62. Nf5 Rxe4 63. Ng3 Rf4 64. Nh5 Rf3 65. Kg4
Ra3 66. Ng3 Ra4+ 67. Kf3 Rb4 68. Ne2 Rc4 69. Ke3 Rh4 70. Ng3 Rb4 71. Kf3 Rb3+
72. Kg4 Re3 73. Nh5 Re4+ 74. Kf3 Ra4 75. Ng3 Rf4+ 76. Ke3 Rg4 77. Ne2 Ra4 78.
Kd3 1/2-1/2

[Event "Las Vegas Masters"]
[Site "Las Vegas"]
[Date "2006.06.13"]
[Round "7.17"]
[White "Kiewra, Keaton"]
[Black "Allen, Edward"]
[Result "1-0"]
[WhiteElo "2257"]
[BlackElo "2196"]
[PlyCount "79"]
[EventDate "2006.06.??"]

1. e4 c5 2. Nf3 d6 3. d4 cxd4 4. Nxd4 Nf6 5. Nc3 a6 6. Bg5 e6 7. f4 Qb6 8. Qd2
Qxb2 9. Rb1 Qa3 10. f5 Nc6 11. fxe6 fxe6 12. Nxc6 bxc6 13. e5 Nd5 14. Nxd5 cxd5
15. Be2 dxe5 16. O-O Ra7 17. Rf3 Qxa2 18. Rbf1 Rc7 19. Bh4 Qxc2 20. Qg5 Be7 21.
Qh5+ g6 22. Qxe5 Rf8 23. Rxf8+ Bxf8 24. Qf6 Qc5+ 25. Kh1 Qe7 26. Qe5 Bg7 27.
Qf4 e5 28. Qa4+ Bd7 29. Qa5 Qc5 30. Qxa6 Ra7 31. Qd3 Ra4 32. Bg5 Ra3 33. Qb1
Ra8 34. Qb7 Rc8 35. h3 Qc6 36. Qb4 Qc5 37. Qh4 Bf5 38. Qxh7 Bf8 39. Rxf5 gxf5
40. Bh5# 1-0

[Event "Las Vegas Masters"]
[Site "Las Vegas"]
[Date "2006.06.13"]
[Round "7.18"]
[White "Ducharme, Pierre"]
[Black "Alvarez, Franklin"]
[Result "0-1"]
[WhiteElo "2018"]
[BlackElo "2188"]
[PlyCount "118"]
[EventDate "2006.06.??"]

1. e4 e5 2. Nf3 Nc6 3. Bb5 Nf6 4. O-O d6 5. d4 exd4 6. Qxd4 Bd7 7. Bxc6 Bxc6 8.
Nc3 Be7 9. Bg5 O-O 10. Rfe1 h6 11. Bh4 Re8 12. Rad1 Nd7 13. Bxe7 Qxe7 14. Nd5
Qd8 15. Re3 a5 16. Rde1 Nc5 17. Qc3 Nxe4 18. Rxe4 Rxe4 19. Rxe4 Bxd5 20. Rg4 g6
21. Nd4 Qf6 22. Qd2 Re8 23. h3 h5 24. Rg3 c6 25. Ne2 Qxb2 26. Nc3 Qa1+ 27. Kh2
Re1 28. Rd3 h4 29. Nd1 Qe5+ 30. f4 Qe4 31. Nc3 Qe6 32. Nxd5 cxd5 33. Rxd5 Re2
34. Qd4 Re4 35. Qd2 Rxf4 36. Rxa5 Qf6 37. Rd5 Rf2 38. Qd4 Qf3 39. Rg5 Rxc2 40.
Qxd6 Rxa2 41. Rg4 Qf2 42. Qd5 Kg7 43. Rxh4 Qxh4 44. Qxa2 Qd4 45. Qb3 b6 46. Kg3
Qc5 47. Qb2+ Kg8 48. Qa1 b5 49. Qa8+ Kh7 50. Qb7 Kg7 51. Kf4 b4 52. h4 Qc4+ 53.
Kg5 Qc5+ 54. Kf4 Qc4+ 55. Kg5 b3 56. Qf3 Qc1+ 57. Kg4 b2 58. Qe4 b1=Q 59. Qe5+
Kh7 0-1

[Event "Las Vegas Masters"]
[Site "Las Vegas"]
[Date "2006.06.13"]
[Round "8.1"]
[White "Kritz, Leonid"]
[Black "Mikhalevski, Victor"]
[Result "1-0"]
[WhiteElo "2578"]
[BlackElo "2566"]
[PlyCount "144"]
[EventDate "2006.06.??"]

1. e4 e5 2. Nf3 Nc6 3. Bb5 a6 4. Ba4 Nf6 5. O-O Nxe4 6. d4 b5 7. Bb3 d5 8. dxe5
Be6 9. Be3 Be7 10. c3 O-O 11. Re1 Qd7 12. Nbd2 Rad8 13. Nxe4 dxe4 14. Qxd7 Bxd7
15. e6 Bxe6 16. Bxe6 exf3 17. Bh3 f5 18. gxf3 Ne5 19. Kg2 Nd3 20. Re2 g6 21.
Rd2 Nc5 22. Bxc5 Bxc5 23. Rad1 Rxd2 24. Rxd2 Re8 25. Kg1 Re1+ 26. Bf1 Bd6 27.
Kg2 Ra1 28. c4 b4 29. c5 Bxc5 30. Bxa6 Bd6 31. Re2 Kg7 32. Bc4 Rc1 33. b3 Kf6
34. Bg8 Rd1 35. Bc4 Rd4 36. Re6+ Kg5 37. Re8 Kf4 38. Re2 g5 39. h3 Be5 40. Rc2
Bd6 41. Bg8 h5 42. Bc4 h4 43. Re2 Be5 44. Rc2 Bd6 45. Re2 Rd1 46. Bb5 Rc1 47.
Bc4 g4 48. fxg4 fxg4 49. Be6 g3 50. Bd5 Bc5 51. fxg3+ hxg3 52. Re4+ Kf5 53.
Kxg3 Rc3+ 54. Kg2 Rd3 55. Bb7 Rd2+ 56. Kf1 Rxa2 57. Re2 Ra3 58. Bd5 c6 59. Be6+
Kf6 60. Bc4 Bd4 61. Re6+ Kf5 62. Rxc6 Ke4 63. Re6+ Kf3 64. Bd5+ Kg3 65. Rg6+
Kh4 66. Rg4+ Kxh3 67. Rxd4 Ra2 68. Rxb4 Kg3 69. Ke1 Ra5 70. Rd4 Ra2 71. Kd1 Ra6
72. Ke2 Ra1 1-0

[Event "Las Vegas Masters"]
[Site "Las Vegas"]
[Date "2006.06.13"]
[Round "8.4"]
[White "Bartholomew, John"]
[Black "Golod, Vitali"]
[Result "1/2-1/2"]
[WhiteElo "2406"]
[BlackElo "2571"]
[PlyCount "39"]
[EventDate "2006.06.??"]

1. e4 c5 2. Nf3 Nc6 3. d4 cxd4 4. Nxd4 Qb6 5. Nb3 Nf6 6. Nc3 e6 7. Bd3 a6 8.
O-O Be7 9. Be3 Qc7 10. a4 b6 11. f4 O-O 12. Qf3 d6 13. Rae1 Rb8 14. g4 d5 15.
exd5 Nxd5 16. Nxd5 exd5 17. c3 b5 18. axb5 axb5 19. Rc1 b4 20. Nd4 1/2-1/2

[Event "Las Vegas Masters"]
[Site "Las Vegas"]
[Date "2006.06.13"]
[Round "8.5"]
[White "Sevillano, Enrico"]
[Black "Almeida, Alfonso A"]
[Result "1-0"]
[WhiteElo "2472"]
[BlackElo "2400"]
[PlyCount "83"]
[EventDate "2006.06.??"]

1. e4 c5 2. c3 d5 3. exd5 Qxd5 4. d4 Nf6 5. Nf3 g6 6. Be2 cxd4 7. Qxd4 Nc6 8.
Qa4 Bg7 9. O-O O-O 10. Rd1 Qe4 11. Bc4 Bg4 12. Nbd2 Qf5 13. h3 Bxf3 14. Nxf3 a6
15. Bd3 Qc8 16. Qh4 Rd8 17. Bg5 Rd5 18. Be2 Qf5 19. Rxd5 Qxd5 20. Bc4 Qf5 21.
Rd1 b5 22. Bd3 Qe6 23. Bb1 Rd8 24. Re1 Qc8 25. a3 Rd6 26. Qf4 Nd5 27. Qc1 Qd7
28. Bh4 e5 29. Bg3 Nde7 30. c4 bxc4 31. Qxc4 Rd1 32. Qe2 Rxe1+ 33. Qxe1 Nf5 34.
Bh2 h6 35. Ba2 Qe7 36. Qe4 Nfd4 37. Nxd4 Nxd4 38. Qxg6 e4 39. Bd6 Qe8 40. Kh2
Ne6 41. Qxe4 Bxb2 42. Bb1 1-0

[Event "Las Vegas Masters"]
[Site "Las Vegas"]
[Date "2006.06.13"]
[Round "8.7"]
[White "Arjun, Vishnuvardhan"]
[Black "Stein, Alan"]
[Result "0-1"]
[WhiteElo "2221"]
[BlackElo "2434"]
[PlyCount "49"]
[EventDate "2006.06.??"]

1. e4 e5 2. Bc4 Nf6 3. d3 Nc6 4. Nc3 Bb4 5. Nge2 Na5 6. O-O Nxc4 7. dxc4 d6 8.
b3 O-O 9. Bb2 Bxc3 10. Nxc3 b6 11. Qd3 Nh5 12. Ne2 Qg5 13. Bc1 Qg6 14. Ng3 Nxg3
15. hxg3 Bb7 16. Re1 h5 17. Kh2 f5 18. exf5 Rxf5 19. f3 Raf8 20. Bd2 e4 21.
fxe4 Rf2 22. Re2 h4 23. Rae1 Rxe2 24. Qxe2 hxg3+ 25. Kg1 0-1

[Event "Las Vegas Masters"]
[Site "Las Vegas"]
[Date "2006.06.13"]
[Round "8.10"]
[White "Bick, John"]
[Black "Aigner, Michael"]
[Result "0-1"]
[WhiteElo "2238"]
[BlackElo "2245"]
[PlyCount "74"]
[EventDate "2006.06.??"]

1. d4 f5 2. g3 Nf6 3. Bg2 g6 4. c4 Bg7 5. Nc3 d6 6. d5 O-O 7. Nh3 Nbd7 8. Nf4
Ne5 9. Qc2 c5 10. b3 Rb8 11. a4 b6 12. O-O a6 13. Bb2 Qe8 14. Rae1 g5 15. Ne6
Bxe6 16. dxe6 f4 17. Qf5 Qh5 18. Qh3 Qxh3 19. Bxh3 f3 20. Bf5 fxe2 21. Rxe2
Nf3+ 22. Kg2 Nd4 23. g4 Nxe2 24. Nxe2 Nxg4 25. Bxg7 Rxf5 26. Ng3 Ne3+ 27. fxe3
Rxf1 28. Bc3 Rc1 29. Ne4 Rf8 30. a5 b5 31. cxb5 axb5 32. b4 Rxc3 33. Nxc3 cxb4
34. Nd5 b3 35. Nxe7+ Kg7 36. Nd5 Rc8 37. Nb6 Rc2+ 0-1

[Event "Las Vegas Masters"]
[Site "Las Vegas"]
[Date "2006.06.13"]
[Round "8.12"]
[White "Hess, Robert"]
[Black "Gokhale, Chandrashekhar"]
[Result "1-0"]
[WhiteElo "2354"]
[BlackElo "2368"]
[PlyCount "59"]
[EventDate "2006.06.??"]

1. e4 e5 2. Nf3 Nc6 3. Bb5 Bc5 4. O-O Nf6 5. d3 Qe7 6. Nc3 h6 7. Be3 O-O 8. Nh4
Bxe3 9. fxe3 d6 10. Qf3 Qd8 11. h3 a6 12. Ba4 b5 13. Bb3 Na5 14. Nd5 Nh7 15.
Ng6 Ng5 16. Nge7+ Kh8 17. Ng6+ Kg8 18. Nge7+ Kh8 19. Qh5 c6 20. h4 cxd5 21.
hxg5 Qxe7 22. Bxd5 Bb7 23. Rf6 Bxd5 24. Kf2 Rfc8 25. Rxh6+ gxh6 26. Qxh6+ Kg8
27. Rh1 f5 28. gxf6 Qxf6+ 29. Qxf6 Rf8 30. Rh8# 1-0

[Event "Las Vegas Masters"]
[Site "Las Vegas"]
[Date "2006.06.13"]
[Round "8.13"]
[White "Aramil, William"]
[Black "Vigorito, David"]
[Result "0-1"]
[WhiteElo "2215"]
[BlackElo "2373"]
[PlyCount "104"]
[EventDate "2006.06.??"]

1. Nf3 Nf6 2. d4 g6 3. g3 Bg7 4. Bg2 O-O 5. O-O d6 6. c4 Nc6 7. Nc3 a6 8. Re1
Rb8 9. Rb1 Na5 10. Qd3 b5 11. cxb5 axb5 12. b4 Nc4 13. Nxb5 d5 14. Na3 Bf5 15.
Qb3 Bxb1 16. Qxb1 Nxa3 17. Bxa3 Ne4 18. Qb3 c5 19. dxc5 Nxc5 20. Qc2 Ne4 21.
Qb3 Qb6 22. e3 e6 23. Bf1 Rfc8 24. b5 Rc3 25. Qa4 Nc5 26. Qb4 Nd3 27. Bxd3 Rxd3
28. Qd6 Qxd6 29. Bxd6 Rxb5 30. a4 Rb6 31. Bc5 Rc6 32. Be7 Rb3 33. Nd4 Bxd4 34.
exd4 Kg7 35. a5 f6 36. Bd8 Rb2 37. Bb6 Ra2 38. Re3 Kf7 39. Rf3 Rc8 40. g4 g5
41. Kg2 h5 42. gxh5 Rh8 43. Rc3 Rxh5 44. Rc8 Rh4 45. Ra8 Rf4 46. a6 Rfxf2+ 47.
Kg3 Rg2+ 48. Kf3 Rgb2 49. a7 Rb3+ 50. Kg4 Rg2+ 51. Kh5 Rxh2+ 52. Kg4 Rh4# 0-1

[Event "Las Vegas Masters"]
[Site "Las Vegas"]
[Date "2006.06.13"]
[Round "8.17"]
[White "Alvarez, Franklin"]
[Black "Puri, Vinny"]
[Result "1/2-1/2"]
[WhiteElo "2188"]
[BlackElo "2246"]
[PlyCount "107"]
[EventDate "2006.06.??"]

1. e4 e5 2. Nf3 Nc6 3. Bb5 Nf6 4. O-O Nxe4 5. Re1 Nd6 6. Nxe5 Be7 7. Bf1 Nxe5
8. Rxe5 O-O 9. d4 Bf6 10. Re1 Nf5 11. c3 d5 12. Bd3 c6 13. Bf4 Nh4 14. Bg3 Ng6
15. Nd2 Be6 16. Qh5 Qd7 17. h3 Rfe8 18. f4 Qd6 19. Kh2 Bh4 20. Bxh4 Qxf4+ 21.
Bg3 Qxd2 22. Bxg6 hxg6 23. Qe2 Qxe2 24. Rxe2 Bd7 25. Rae1 Rxe2 26. Rxe2 Re8 27.
Rxe8+ Bxe8 28. Bb8 a6 29. Kg3 g5 30. Kg4 f6 31. h4 gxh4 32. Kxh4 g5+ 33. Kg4
Kg7 34. g3 Kg6 35. Bd6 Bd7+ 36. Kf3 Bf5 37. Bc7 Be4+ 38. Kf2 Kh5 39. a4 Kg4 40.
a5 Bc2 41. Bd6 f5 42. Be5 f4 43. gxf4 gxf4 44. Bd6 Kf5 45. Bc5 Ke4 46. Bd6 Bd1
47. b4 Kd3 48. Bc5 Kxc3 49. Ke1 Bg4 50. Kf2 Kd3 51. Bb6 Kc4 52. Bc5 Bh5 53. Ke1
Kd3 54. Kf2 1/2-1/2

[Event "Las Vegas Masters"]
[Site "Las Vegas"]
[Date "2006.06.13"]
[Round "8.18"]
[White "Allen, Edward"]
[Black "Ducharme, Pierre"]
[Result "1-0"]
[WhiteElo "2196"]
[BlackElo "2018"]
[PlyCount "57"]
[EventDate "2006.06.??"]

1. e4 c5 2. Nf3 d6 3. d4 cxd4 4. Nxd4 Nf6 5. Nc3 a6 6. Be2 e5 7. Nb3 Be7 8. O-O
O-O 9. a4 b6 10. Be3 Bb7 11. Bf3 Nc6 12. Nd5 Nxd5 13. exd5 Nb8 14. c4 Nd7 15.
a5 f5 16. axb6 Rb8 17. Na5 f4 18. Nc6 Bxc6 19. dxc6 Nxb6 20. Bxb6 Qxb6 21. Qd5+
Kh8 22. Qe6 Rfe8 23. Qd7 Bf8 24. Bd5 Re7 25. Qxd6 Qxb2 26. c7 Rc8 27. Rab1 Qc2
28. Rb8 Qf5 29. Be4 1-0

[Event "Las Vegas Masters"]
[Site "Las Vegas"]
[Date "2006.06.14"]
[Round "9.3"]
[White "Golod, Vitali"]
[Black "Mikhalevski, Victor"]
[Result "1/2-1/2"]
[WhiteElo "2571"]
[BlackElo "2566"]
[PlyCount "30"]
[EventDate "2006.06.??"]

1. e4 e5 2. Nf3 Nc6 3. Bb5 Nf6 4. O-O Nxe4 5. d4 Nd6 6. Bxc6 dxc6 7. dxe5 Nf5
8. Qxd8+ Kxd8 9. Nc3 h6 10. b3 Ne7 11. Bb2 Ng6 12. Rad1+ Ke8 13. h3 Be7 14.
Rfe1 h5 15. Ne4 Be6 1/2-1/2

[Event "Las Vegas Masters"]
[Site "Las Vegas"]
[Date "2006.06.14"]
[Round "9.5"]
[White "Perelshteyn, Eugene"]
[Black "Bartholomew, John"]
[Result "1/2-1/2"]
[WhiteElo "2526"]
[BlackElo "2406"]
[PlyCount "116"]
[EventDate "2006.06.??"]

1. e4 d5 2. exd5 Qxd5 3. Nc3 Qa5 4. d4 c6 5. Bc4 Bf5 6. Nf3 Nf6 7. Bd2 e6 8.
Nd5 Qd8 9. Nxf6+ Qxf6 10. Qe2 Nd7 11. O-O-O Nb6 12. Bd3 Bg4 13. Be4 O-O-O 14.
Kb1 h6 15. h3 Bxf3 16. Bxf3 Bd6 17. c4 Bf4 18. Be3 Rhe8 19. Qc2 Kb8 20. Rhe1 g6
21. a3 h5 22. Ka2 Bxe3 23. fxe3 e5 24. c5 Qe6+ 25. Qb3 Qxb3+ 26. Kxb3 Nd7 27.
Kc3 f5 28. b4 Nf6 29. e4 fxe4 30. Bxe4 exd4+ 31. Rxd4 Nd5+ 32. Kb3 g5 33. Red1
Re5 34. R1d3 Kc7 35. b5 Rd7 36. Bxd5 Rdxd5 37. Rxd5 cxd5 38. Kc3 h4 39. g4 hxg3
40. Rxg3 Re4 41. Rg4 Re3+ 42. Kb4 Rxh3 43. Rxg5 Rh4+ 44. Kb3 Rh3+ 45. Kb2 Rh2+
46. Kc3 Rh3+ 47. Kd4 Rxa3 48. Rg7+ Kc8 49. c6 b6 50. Rh7 Ra2 51. Ke5 Rg2 52.
Rxa7 Rg5+ 53. Kf4 Rh5 54. Rb7 d4 55. Rxb6 Rd5 56. Rb7 d3 57. b6 Rd6 58. Rd7
Rxd7 1/2-1/2

[Event "Las Vegas Masters"]
[Site "Las Vegas"]
[Date "2006.06.14"]
[Round "9.10"]
[White "Aigner, Michael"]
[Black "Murzin, Lenar"]
[Result "1-0"]
[WhiteElo "2245"]
[BlackElo "2195"]
[PlyCount "65"]
[EventDate "2006.06.??"]

1. e4 c5 2. Nc3 Nc6 3. g3 g6 4. Bg2 Bg7 5. d3 d6 6. Be3 Rb8 7. Qd2 b5 8. Nge2
Nd4 9. O-O e6 10. Nd1 b4 11. Nc1 Qa5 12. a3 Ne7 13. Ra2 Qc7 14. axb4 cxb4 15.
c3 Ndc6 16. Bh6 O-O 17. Bxg7 Kxg7 18. Ne3 a5 19. Ne2 Ba6 20. c4 Bb7 21. b3 Ra8
22. d4 Nb8 23. f4 f5 24. d5 exd5 25. Nd4 Bc8 26. Qb2 Kg8 27. exf5 Ra7 28. Nxd5
Qc5 29. Kh1 Nxf5 30. Nxf5 Bxf5 31. Nf6+ Kf7 32. Nxh7 Rh8 33. Qxh8 1-0

[Event "Las Vegas Masters"]
[Site "Las Vegas"]
[Date "2006.06.14"]
[Round "9.13"]
[White "Rensch, Daniel"]
[Black "Arjun, Vishnuvardhan"]
[Result "1-0"]
[WhiteElo "2360"]
[BlackElo "2221"]
[PlyCount "89"]
[EventDate "2006.06.??"]

1. e4 c5 2. Nf3 d6 3. d4 cxd4 4. Nxd4 Nf6 5. Nc3 a6 6. Be3 e5 7. Nb3 Be6 8. f3
h5 9. Qd2 Nbd7 10. Nd5 Bxd5 11. exd5 g6 12. Be2 Bg7 13. O-O O-O 14. a4 Rc8 15.
a5 Qc7 16. c4 Rfd8 17. Rac1 Bf8 18. Na1 h4 19. b4 Nh5 20. Nb3 Nf4 21. Rfd1 h3
22. g3 Ng2 23. Bf1 Nxe3 24. Qxe3 Kh7 25. Rc2 Bh6 26. Qf2 f5 27. Bxh3 Nf6 28.
Bg2 Qf7 29. Kh1 Re8 30. Qe2 Rc7 31. Bf1 g5 32. g4 Qd7 33. gxf5 Qa4 34. Rb1 Qxb4
35. Nd2 Qxa5 36. Ne4 Nxe4 37. Qxe4 Kg7 38. f4 Kf6 39. Rg2 Rg8 40. fxe5+ dxe5
41. d6 Rd7 42. Rxb7 Rxd6 43. Rh7 Bf8 44. Qb7 Rg7 45. Rh6+ 1-0

[Event "Las Vegas Masters"]
[Site "Las Vegas"]
[Date "2006.06.14"]
[Round "9.15"]
[White "Boor, Carl Brando"]
[Black "Aramil, William"]
[Result "0-1"]
[WhiteElo "2233"]
[BlackElo "2215"]
[PlyCount "34"]
[EventDate "2006.06.??"]

1. e4 c5 2. b4 cxb4 3. a3 d5 4. exd5 Qxd5 5. Bb2 e5 6. axb4 Bxb4 7. c4 Qe6 8.
Nf3 Nc6 9. Bd3 Nf6 10. O-O O-O 11. Re1 Qd6 12. Qb3 Bg4 13. Bxe5 Nxe5 14. Nxe5
Rae8 15. f4 Qd4+ 16. Kh1 Qxa1 17. Qxb4 Qd4 0-1

[Event "Las Vegas Masters"]
[Site "Las Vegas"]
[Date "2006.06.14"]
[Round "9.16"]
[White "Bick, John"]
[Black "Puri, Vinny"]
[Result "0-1"]
[WhiteElo "2238"]
[BlackElo "2246"]
[PlyCount "74"]
[EventDate "2006.06.??"]

1. d4 Nf6 2. c4 g6 3. Nc3 Bg7 4. e4 d6 5. Be2 O-O 6. Bg5 Na6 7. Nf3 e5 8. O-O
Qe8 9. c5 exd4 10. Bxf6 dxc3 11. Bxg7 Kxg7 12. Qd4+ Kg8 13. cxd6 cxb2 14. Rad1
cxd6 15. e5 dxe5 16. Nxe5 Be6 17. Qxb2 Nc5 18. Rfe1 Rd8 19. Rc1 Rc8 20. Bc4 Qd8
21. Bxe6 fxe6 22. Ng4 Qg5 23. Qe2 b6 24. Rc4 Rcd8 25. h4 Qd2 26. Qe5 Rd5 27.
Qa1 h5 28. Kh2 hxg4 29. Rxg4 Kh7 30. Re3 Qxf2 31. Reg3 Rf6 32. Qb1 Rd4 33. Rf3
Qd2 34. Rxf6 Rxg4 35. Qf1 Rxh4+ 36. Kg1 Qe3+ 37. Rf2 Rf4 0-1

[Event "Las Vegas Masters"]
[Site "Las Vegas"]
[Date "2006.06.14"]
[Round "9.17"]
[White "Ducharme, Pierre"]
[Black "Stoyko, Stephen"]
[Result "0-1"]
[WhiteElo "2018"]
[BlackElo "2293"]
[PlyCount "80"]
[EventDate "2006.06.??"]

1. e4 e6 2. d3 d5 3. Nd2 c5 4. g3 Bd6 5. Bg2 Ne7 6. Ngf3 Nbc6 7. O-O O-O 8. Re1
b6 9. Nf1 d4 10. h4 e5 11. N1h2 f6 12. h5 Be6 13. Nh4 Qd7 14. f4 Rfc8 15. Qf3
Nb4 16. Re2 c4 17. b3 cxd3 18. cxd3 Rc3 19. f5 Bf7 20. Rd2 Nc2 21. Rb1 Ne1 22.
Qe2 Nxg2 23. Kxg2 h6 24. Rd1 Kf8 25. Ng6+ Ke8 26. Ng4 Ng8 27. Bb2 Rc6 28. Nf2
a5 29. Rbc1 Rac8 30. Nh8 a4 31. Nxf7 Qxf7 32. Rxc6 Rxc6 33. bxa4 Qxa2 34. Ra1
Qb3 35. Bc1 Bb4 36. Qg4 Kf8 37. Qd1 Rc2 38. Kg1 Ne7 39. Ba3 Bxa3 40. Rxa3 Qb2
0-1

[Event "Las Vegas Masters"]
[Site "Las Vegas"]
[Date "2006.06.14"]
[Round "9.18"]
[White "Alvarez, Franklin"]
[Black "Allen, Edward"]
[Result "1/2-1/2"]
[WhiteElo "2188"]
[BlackElo "2196"]
[PlyCount "69"]
[EventDate "2006.06.??"]

1. e4 c5 2. Nf3 d6 3. d4 cxd4 4. Nxd4 Nf6 5. Nc3 a6 6. Be2 e5 7. Nb3 Be6 8. Be3
Nbd7 9. O-O Be7 10. f4 Qc7 11. Nd2 exf4 12. Rxf4 b5 13. a3 Ne5 14. h3 Nfd7 15.
Rf2 O-O 16. Nd5 Bxd5 17. exd5 Rac8 18. Rc1 Nb6 19. Nf3 Bf6 20. Bd4 Nbc4 21.
Nxe5 dxe5 22. Bxc4 exd4 23. Rxf6 gxf6 24. Qg4+ Kh8 25. Bd3 Qe5 26. Rf1 Rg8 27.
Qh4 Rg7 28. Rf5 Qe3+ 29. Rf2 Qe1+ 30. Kh2 Qe5+ 31. Kh1 Qxd5 32. Qxf6 Rc6 33.
Qh4 Re6 34. Kh2 Qe5+ 35. Rf4 1/2-1/2